[Event "FIDE Grand Swiss 2019"]
[Site "Douglas"]
[Date "19.10.2019"]
[Round "9.22"]
[White "Zhang, Zhong"]
[Black "Sargissian, Gabriel"]
[Result "1/2-1/2"]
[WhiteElo "2636"]
[BlackElo "2690"]

1. e4 e5 2. Nf3 Nc6 3. Bb5 a6 4. Ba4 Nf6 5. O-O Be7 6. d3 b5 7. Bb3 d6 8.
Bd2 O-O 9. h3 a5 10. a4 b4 11. Be3 d5 12. Nbd2 d4 13. Bg5 Nd7 14. Bxe7 Qxe7
15. Bd5 Ra6 16. Nb3 Nd8 17. Bc4 Ra7 18. Nfd2 g5 19. Qh5 Kh8 20. c3 dxc3 21.
bxc3 bxc3 22. Nb1 c2 23. Na3 Nb6 24. Qe2 c6 25. Qxc2 Nxa4 26. Qd2 Rg8 27.
Nc2 Nb6 28. Nxa5 g4 29. Qe3 gxh3 30. g3 c5 31. Kh2 Nd7 32. Qd2 Nf6 33. Ne3
Ng4+ 34. Nxg4 Bxg4 35. Qc3 Re8 36. f3 Bc8 37. Bd5 f6 38. Nb3 Rc7 39. f4 Be6
40. Bxe6 Qxe6 41. fxe5 fxe5 42. Ra8 Nf7 43. Qc4 Kg7 44. Rxe8 Qxe8 45. Nxc5
Rc6 46. Qd5 Nh6 47. Qd7+ Qxd7 48. Nxd7 Ng4+ 49. Kxh3 Rd6 50. Kxg4 Rxd7 51.
Rf3 Kg6 52. Kh3 Rd8 53. Kg2 Kg5 54. Kf2 Kg4 55. Ke2 h5 56. Rf5 Re8 57. Kf2
Rd8 58. Ke3 Re8 59. Kd2 Re7 60. Ke2 Re8 61. Rf3 Re7 62. Kf2 Rd7 63. Rf8
Rxd3 64. Rg8+ Kh3 65. Rg5 h4 66. gxh4 Kxh4 67. Rxe5 Kg4 68. Rf5 Ra3 69. Rf8
Ra2+ 70. Ke3 Ra3+ 71. Kd4 Ra4+ 72. Kd5 Ra5+ 73. Kd6 Ra6+ 74. Ke7 Ra7+ 75.
Kf6 Ra6+ 1/2-1/2

[Event "FIDE Grand Swiss 2019"]
[Site "Douglas"]
[Date "19.10.2019"]
[Round "9.23"]
[White "Korobov, Anton"]
[Black "Mareco, Sandro"]
[Result "1/2-1/2"]
[WhiteElo "2679"]
[BlackElo "2634"]

1. d4 Nf6 2. c4 e6 3. Nf3 b6 4. g3 Ba6 5. Qc2 Bb7 6. Bg2 c5 7. O-O cxd4 8.
Nxd4 Bxg2 9. Kxg2 Be7 10. e4 d6 11. Nc3 O-O 12. b3 Qc8 13. Be3 Qb7 14. f3
a6 15. Qe2 Nc6 16. Nxc6 Qxc6 17. Rac1 Qb7 18. Rfd1 Rfd8 19. h4 Rac8 20. a4
Nd7 21. Bg5 Ne5 22. Rc2 Nc6 23. Bxe7 Qxe7 24. Qe3 Rb8 25. Rcd2 h6 26. h5
Qc7 27. Qf4 Na5 28. Rxd6 Rxd6 29. Qxd6 Qxd6 30. Rxd6 Nxb3 1/2-1/2

[Event "FIDE Grand Swiss 2019"]
[Site "Douglas"]
[Date "19.10.2019"]
[Round "9.24"]
[White "Cheparinov, Ivan"]
[Black "Deac, Bogdan-Daniel"]
[Result "1/2-1/2"]
[WhiteElo "2670"]
[BlackElo "2613"]

1. d4 Nf6 2. c4 e6 3. Nf3 d5 4. g3 Be7 5. Bg2 O-O 6. O-O dxc4 7. Qc2 b5 8.
a4 b4 9. Nfd2 Nd5 10. Nxc4 c5 11. dxc5 Ba6 12. Ne3 Nd7 13. Nxd5 exd5 14. c6
Rc8 15. Bf4 Nc5 16. c7 Qd7 17. Nd2 g5 18. Be5 f6 19. Bd4 Rxc7 20. Nb3 Nxb3
21. Qxb3 Bxe2 22. Bxd5+ Kg7 23. Rfe1 Rd8 24. Be6 Qxd4 25. Rxe2 Qd3 26. Rae1
Bc5 27. Kg2 Qxb3 28. Bxb3 Rdd7 29. Be6 Re7 30. Re4 Bd6 31. R1e2 a5 32. b3
1/2-1/2

[Event "FIDE Grand Swiss 2019"]
[Site "Douglas"]
[Date "19.10.2019"]
[Round "9.25"]
[White "Moiseenko, Alexander"]
[Black "Leko, Peter"]
[Result "1/2-1/2"]
[WhiteElo "2635"]
[BlackElo "2670"]

1. d4 Nf6 2. c4 e6 3. Nc3 Bb4 4. Nf3 d5 5. Qa4+ Nc6 6. e3 O-O 7. Bd2 dxc4
8. Bxc4 Bd6 9. Qc2 a6 10. a3 e5 11. dxe5 Nxe5 12. Nxe5 Bxe5 13. f4 Bxc3 14.
Bxc3 Ng4 15. Bd4 c5 16. Bxc5 Re8 17. O-O Nxe3 18. Bxe3 Rxe3 19. Qf2 Re8 20.
f5 Bxf5 21. Bxf7+ Kxf7 22. Qxf5+ Kg8 23. Qf7+ Kh8 24. Qxb7 Qd4+ 25. Kh1
Reb8 26. Rad1 Rxb7 27. Rxd4 Rxb2 28. h3 Kg8 29. Rd6 Rb3 30. Rf3 Rxf3 31.
gxf3 Rf8 32. Kg2 Rf6 33. Rxf6 gxf6 34. f4 Kf7 35. Kf3 Ke6 36. Ke4 Kd6 37.
Kd4 1/2-1/2

[Event "FIDE Grand Swiss 2019"]
[Site "Douglas"]
[Date "19.10.2019"]
[Round "9.26"]
[White "Fedoseev, Vladimir"]
[Black "Sethuraman, S.P."]
[Result "1/2-1/2"]
[WhiteElo "2664"]
[BlackElo "2624"]

1. d4 Nf6 2. c4 e6 3. g3 d5 4. Bg2 Be7 5. Nf3 O-O 6. Qb3 c5 7. cxd5 Qxd5 8.
Nc3 Qxb3 9. axb3 Nc6 10. dxc5 Bxc5 11. O-O Bd7 12. Bf4 Rac8 13. Rfc1 b6 14.
Rd1 Rfd8 15. h3 Be8 16. Ne5 Rxd1+ 17. Rxd1 Na5 18. Ra1 Bb4 19. Nd3 Bxc3 20.
bxc3 Rxc3 21. b4 Nc6 22. Bxc6 Rxc6 23. Rxa7 Rc8 24. Be5 Bb5 25. Nf4 Nd7 26.
Bc7 Bc6 27. f3 Ra8 28. Rxa8+ Bxa8 29. e4 Bc6 30. Ne2 e5 31. Nc3 b5 32. Kf2
f6 33. f4 exf4 34. gxf4 Kf7 35. Ke3 g6 36. Ne2 Nf8 37. Nd4 Bd7 38. f5 Ke7
39. h4 Be8 40. Bf4 Bd7 41. Bb8 Be8 42. Ba7 Kf7 43. Bc5 Bd7 44. Kf4 Ke8 45.
Kg4 gxf5+ 46. exf5 Ng6 47. h5 Ne5+ 48. Kf4 Nf7 49. Ke4 Nh6 50. Bd6 Kf7 51.
Bf4 Ng8 52. Bd6 Nh6 53. Kf4 Ke8 54. Ke4 Kf7 55. Bg3 Ng8 56. Bf4 Ne7 57. Bd6
Ng8 58. Ne2 Nh6 59. Ng3 Bc6+ 60. Kf4 Bd7 61. Bc5 Bc8 62. Be3 Bd7 63. Bd2
Bc8 64. Ke4 Ng8 65. Kf3 Ne7 66. Kg4 Bd7 67. Be3 Bc8 68. Bc5 Ng8 69. Kf4 Nh6
70. Bd4 Bd7 71. Bc3 Bc8 72. Bb2 Ke7 73. Ke4 Kf7 74. Bc1 Ng8 75. Be3 Bd7 76.
Kf4 Nh6 77. Bd4 Bc8 78. Ba1 Ke7 79. Bc3 Kf7 80. Bd2 Bd7 81. Ke4 Ng8 82. Ne2
Ne7 83. Nd4 Kg7 84. h6+ Kf7 85. Bf4 Nc6 86. Nxc6 1/2-1/2

[Event "FIDE Grand Swiss 2019"]
[Site "Douglas"]
[Date "19.10.2019"]
[Round "9.27"]
[White "Jumabayev, Rinat"]
[Black "Eljanov, Pavel"]
[Result "1/2-1/2"]
[WhiteElo "2630"]
[BlackElo "2663"]

1. d4 d5 2. c4 e6 3. Nf3 Nf6 4. g3 Bb4+ 5. Bd2 Be7 6. Bg2 O-O 7. O-O Nbd7
8. Qc2 c6 9. Rc1 a5 10. a4 Ne4 11. Be1 f5 12. Nc3 Bd6 13. Na2 g5 14. b4 g4
15. Nd2 axb4 16. Nxe4 dxe4 17. Nxb4 c5 18. dxc5 Bxc5 19. Rd1 Qe7 20. Qb2
Nb6 21. Qb3 Bd7 22. a5 Nc8 23. Nc2 Bc6 24. Bb4 Bxb4 25. Nxb4 Qc5 26. Nxc6
bxc6 27. a6 Ra7 28. Qc3 Nb6 29. Bf1 e3 30. fxe3 Qxc4 31. Qe5 Nd7 32. Qf4
Qxf4 33. exf4 Kf7 34. Rd6 Rc8 35. e4 fxe4 36. Rc1 Rac7 37. Bc4 Nc5 38. Be2
Ke7 39. Rcd1 h5 40. R6d4 Rd7 41. Rxd7+ Nxd7 42. Kf2 Nf6 43. Rd4 Rb8 44. Ra4
Kd6 45. Bf1 Rb2+ 46. Kg1 Rb8 47. Kf2 Rb2+ 48. Ke1 Rb8 49. Kd2 e5 50. f5 Nd5
51. Rxe4 Rb2+ 52. Ke1 Ra2 53. Bc4 Ra4 54. Bd3 Ra3 55. Kd2 c5 56. Re2 Ra4
57. Bb5 Ra5 58. Bd3 Ra4 59. Re4 Ra2+ 60. Kc1 Ra3 61. Bb5 Ra5 62. Bc4 Nb6
63. Bf7 Rxa6 64. Bxh5 Ra1+ 65. Kb2 Rh1 66. Re2 Nc4+ 67. Kc3 Rc1+ 68. Kd3
Ke7 69. Bxg4 Kf6 70. Ra2 Kg5 71. h3 Nd6 72. Ra8 e4+ 73. Kd2 Rg1 74. Rd8
Nc4+ 75. Kc3 Ne5 76. Rg8+ Kf6 77. Be2 Kxf5 78. h4 e3 79. h5 Rc1+ 80. Kb3
Re1 81. g4+ Ke4 82. h6 Rxe2 83. h7 Rh2 84. h8=Q Rxh8 85. Rxh8 e2 86. Rh1
Kd3 87. Rh3+ Kd2 88. Rh2 Ke3 89. Rxe2+ Kxe2 90. Kc3 Ke3 91. g5 Ke4 92. g6
Nxg6 93. Kc4 1/2-1/2

[Event "FIDE Grand Swiss 2019"]
[Site "Douglas"]
[Date "19.10.2019"]
[Round "9.28"]
[White "Dreev, Aleksey"]
[Black "Narayanan.S.L"]
[Result "1/2-1/2"]
[WhiteElo "2662"]
[BlackElo "2611"]

1. d4 Nf6 2. Nf3 g6 3. g3 Bg7 4. Bg2 d5 5. c4 c6 6. Qb3 O-O 7. O-O a5 8.
Bf4 a4 9. Qb4 Nbd7 10. Rc1 dxc4 11. Qxc4 Nb6 12. Qc5 Bf5 13. Rd1 Nbd5 14.
Be5 Bh6 15. Bxf6 exf6 16. Nc3 Ra5 17. Qa3 Re8 18. Nxd5 Qxd5 19. e3 Be4 20.
Ne1 Qd7 21. Bxe4 Rxe4 22. Qd3 f5 23. Nf3 Re8 24. Qc4 Rea8 25. Ne5 Qe8 26.
Rac1 Bf8 27. Re1 Bd6 28. Nf3 Rb5 29. Re2 Rb4 30. Qc2 Qe6 31. a3 Rb5 32. Qc4
Ra6 33. Ng5 Qe7 34. Nf3 Qe6 35. Rd2 Rd5 36. Re1 Qe4 37. Qe2 Qe7 38. Rc1 Qe6
39. Ng5 Qe7 40. Nf3 Qd8 41. Ne1 h5 42. Nf3 Be7 43. Ne5 h4 44. Rdc2 Bd6 45.
Nf3 Be7 46. Ne5 Bd6 47. Nf3 Be7 48. Ne5 1/2-1/2

[Event "FIDE Grand Swiss 2019"]
[Site "Douglas"]
[Date "19.10.2019"]
[Round "9.29"]
[White "Abasov, Nijat"]
[Black "Sjugirov, Sanan"]
[Result "1-0"]
[WhiteElo "2632"]
[BlackElo "2662"]

1. Nf3 d5 2. d4 Nf6 3. c4 e6 4. Nc3 Bb4 5. Bg5 h6 6. Bxf6 Qxf6 7. e3 O-O 8.
Rc1 dxc4 9. Bxc4 c5 10. dxc5 Bxc5 11. Qc2 Be7 12. O-O Nc6 13. Rfd1 Rd8 14.
Rxd8+ Bxd8 15. Rd1 Qe7 16. Qd3 Ba5 17. Bb5 Qb4 18. Ne4 Bc7 19. a3 Qe7 20.
Nd6 Rb8 21. Bxc6 bxc6 22. Ne5 Qxd6 23. Qxd6 Bxd6 24. Rxd6 Rxb2 25. h4 Bb7
26. Rd8+ Kh7 27. Nxf7 Kg6 28. Ne5+ Kf6 29. f4 Kf5 30. Nd3 Rb5 31. Nf2 e5
32. g4+ Ke6 33. f5+ Ke7 34. Rg8 Kf7 35. Rb8 c5 36. Nd3 Kf6 37. Re8 Bd5 38.
Nxe5 Rb7 39. e4 Bf7 40. Nd7+ 1-0

[Event "FIDE Grand Swiss 2019"]
[Site "Douglas"]
[Date "19.10.2019"]
[Round "9.30"]
[White "Nabaty, Tamir"]
[Black "Paravyan, David"]
[Result "0-1"]
[WhiteElo "2658"]
[BlackElo "2602"]

1. d4 Nf6 2. Nf3 g6 3. Nbd2 d5 4. b3 Bf5 5. Bb2 Nbd7 6. c4 c6 7. e3 e6 8.
Be2 Bd6 9. Ne5 h5 10. f3 Qc7 11. c5 Nxc5 12. Rc1 Ncd7 13. e4 dxe4 14. Nxd7
Kxd7 15. d5 Nxd5 16. Nc4 Bxh2 17. Bxh8 Bg3+ 18. Kf1 Rxh8 19. Qd4 Qf4 20.
Rd1 exf3 21. Bxf3 Qxd4 22. Rxd4 e5 23. Rd2 e4 24. Bd1 Kc7 25. a4 Rd8 26. a5
b5 27. axb6+ axb6 28. Bc2 Ne3+ 29. Ke2 Nxc2 30. Rxd8 Kxd8 31. Kd2 e3+ 32.
Ke2 Bg4+ 0-1

[Event "FIDE Grand Swiss 2019"]
[Site "Douglas"]
[Date "19.10.2019"]
[Round "9.31"]
[White "Sevian, Samuel"]
[Black "Baron, Tal"]
[Result "1-0"]
[WhiteElo "2654"]
[BlackElo "2531"]

1. e4 c5 2. Nf3 Nc6 3. Nc3 g6 4. d4 cxd4 5. Nxd4 Bg7 6. Be3 Nf6 7. Nxc6
bxc6 8. e5 Nd5 9. Nxd5 cxd5 10. Qxd5 Rb8 11. O-O-O Bb7 12. Qc5 O-O 13. c3
Bc6 14. f4 e6 15. Rd2 Bd5 16. Rxd5 exd5 17. Qxd5 d6 18. Qxd6 Qxd6 19. exd6
Rfe8 20. Bxa7 Ra8 21. Bb5 Red8 22. Bc5 Rxa2 23. Kb1 Rda8 24. Bc6 R8a6 25.
d7 Bf6 26. Bb5 R6a5 27. Bb4 Ra8 28. Kc2 Rb8 29. Re1 Kg7 30. Re8 Bd8 31. c4
1-0

[Event "FIDE Grand Swiss 2019"]
[Site "Douglas"]
[Date "20.10.2019"]
[Round "10.8"]
[White "Le, Quang Liem"]
[Black "Maghsoodloo, Parham"]
[Result "1-0"]
[WhiteElo "2708"]
[BlackElo "2664"]

1. d4 Nf6 2. c4 e6 3. Nc3 Bb4 4. e3 O-O 5. Ne2 c6 6. a3 Ba5 7. Ng3 d5 8.
Bd2 Nbd7 9. Be2 dxc4 10. Bxc4 e5 11. Nce2 h5 12. Bxa5 Qxa5+ 13. b4 Qc7 14.
Qc2 Re8 15. Rd1 a5 16. O-O axb4 17. axb4 Nb6 18. Bb3 h4 19. Ne4 Nbd5 20. h3
Nxe4 21. Qxe4 Nxb4 22. dxe5 c5 23. Nf4 Ra3 24. Bc4 Qc6 25. Qb1 b5 26. Bxf7+
Kxf7 27. Rd6 Qc7 28. Qg6+ Kf8 29. Qh5 Ra6 30. Rfd1 Rxd6 31. Rxd6 Nc6 32.
Ng6+ Kg8 33. Qh8+ Kf7 34. Rf6+ gxf6 35. Qxf6+ 1-0

[Event "FIDE Grand Swiss 2019"]
[Site "Douglas"]
[Date "20.10.2019"]
[Round "10.14"]
[White "Hovhannisyan, Robert"]
[Black "Vallejo Pons, Francisco"]
[Result "1-0"]
[WhiteElo "2639"]
[BlackElo "2694"]

1. e4 c5 2. Nf3 d6 3. d4 cxd4 4. Nxd4 Nf6 5. Nc3 a6 6. Be2 e5 7. Nb3 Be7 8.
Be3 Be6 9. g4 h6 10. Rg1 b5 11. h4 b4 12. Nd5 Nxd5 13. exd5 Bd7 14. Nd2
Bxh4 15. Ne4 Be7 16. Qd2 a5 17. O-O-O Na6 18. Kb1 Qc7 19. f4 exf4 20. Bxf4
Nc5 21. Nxc5 Qxc5 22. Be3 Qc7 23. g5 hxg5 24. Bxg5 Bf5 25. Bb5+ Kf8 26. Bc6
Rb8 27. Rdf1 Bh7 28. Ka1 Bg8 29. Be3 Rh7 30. Qg2 Qd8 31. Bd4 f6 32. Qg6 Rc8
33. Ba4 Rb8 34. Rf2 Rc8 35. Rh2 1-0

[Event "FIDE Grand Swiss 2019"]
[Site "Douglas"]
[Date "20.10.2019"]
[Round "10.15"]
[White "Gelfand, Boris"]
[Black "Abasov, Nijat"]
[Result "1/2-1/2"]
[WhiteElo "2686"]
[BlackElo "2632"]

1. c4 c5 2. Nf3 Nf6 3. Nc3 d5 4. cxd5 Nxd5 5. e3 Nc6 6. Bb5 Nxc3 7. bxc3
Bd7 8. O-O e6 9. d4 Be7 10. Rb1 O-O 11. e4 a6 12. Be2 b5 13. Bf4 Na5 14.
Bd3 Bc6 15. Qe2 cxd4 16. cxd4 Nc4 17. Rfe1 Rc8 18. Rbc1 Bb4 19. Red1 Bd6
20. Bxd6 Qxd6 21. Bxc4 bxc4 22. Qxc4 Bb7 23. Qd3 Rxc1 24. Rxc1 Qf4 25. Re1
f5 26. e5 Rc8 27. Nd2 h5 28. Nb3 h4 29. Nc5 Bd5 30. h3 Rb8 31. Qc3 Qg5 32.
f3 Rb6 33. a3 a5 34. Rf1 Kh7 35. Kh1 Rb5 36. Rg1 Qg3 37. Qd2 g5 38. Nd7 Kg6
39. Nf6 Bxf3 40. gxf3 Qxh3+ 41. Qh2 Qxf3+ 42. Qg2 Qe3 43. Nd7 g4 44. Nf8+
Kf7 45. Nxe6 Kxe6 46. Qc6+ Ke7 47. Qf6+ Ke8 48. Qe6+ Kd8 49. Qd6+ Ke8
1/2-1/2

[Event "FIDE Grand Swiss 2019"]
[Site "Douglas"]
[Date "20.10.2019"]
[Round "10.16"]
[White "Paravyan, David"]
[Black "McShane, Luke J"]
[Result "1-0"]
[WhiteElo "2602"]
[BlackElo "2682"]

1. e4 e5 2. Nf3 Nc6 3. Bb5 Nf6 4. d3 Bc5 5. Nbd2 O-O 6. Nb3 Bd6 7. O-O Re8
8. Re1 a6 9. Bxc6 dxc6 10. Bg5 c5 11. c3 Bg4 12. h3 Bh5 13. Na5 b6 14. Nc4
Qe7 15. b3 b5 16. Ne3 Qe6 17. Bh4 Bf8 18. g4 Bg6 19. Bg3 Nd7 20. h4 f6 21.
h5 Bf7 22. Kg2 c4 23. bxc4 bxc4 24. dxc4 Red8 25. Qc2 Nb6 26. Nd2 Qd7 27.
Rad1 Qa4 28. Qb3 Qc6 29. f3 Rab8 30. Qc2 Qa4 31. Qxa4 Nxa4 32. Nb3 Rxd1 33.
Rxd1 Nxc3 34. Rd2 Nxa2 35. Rxa2 Rxb3 36. Bf2 Ba3 37. Nc2 Be7 38. Ne3 Ba3
39. Nc2 Rb2 40. Rxa3 Rxc2 41. Rxa6 Bxc4 42. Ra3 Kf7 43. Kg3 Ke6 44. Be3 Bb5
45. Ra1 Rb2 46. Rc1 Kd7 47. Rd1+ Kc8 48. g5 Be2 49. h6 gxh6 50. gxf6 Bc4
51. Bc5 Bf7 52. Rd5 Ra2 53. Rxe5 Ra6 54. Be7 Kd7 55. Rb5 Ra8 56. Rb4 Rg8+
57. Kf2 h5 58. Rd4+ Kc6 59. Rd1 Rg5 60. f4 Rb5 61. Rg1 Kd7 62. Rg7 Ke8 63.
Rxh7 Bg6 64. Rh8+ Kf7 65. Ke3 Ke6 66. f5+ Bxf5 67. exf5+ Rxf5 68. Ke4 c5
69. Rc8 Re5+ 70. Kf4 Rf5+ 71. Kg3 Kf7 72. Rc7 Ke6 73. Kh4 Kf7 74. Rc8 Ke6
75. Rh8 Rf1 76. Rxh5 c4 77. Rc5 Rc1 78. Kg3 c3 79. Kf2 c2 80. Ke2 1-0

[Event "FIDE Grand Swiss 2019"]
[Site "Douglas"]
[Date "20.10.2019"]
[Round "10.19"]
[White "Inarkiev, Ernesto"]
[Black "Lupulescu, Constantin"]
[Result "1/2-1/2"]
[WhiteElo "2693"]
[BlackElo "2643"]

1. e4 e6 2. d4 d5 3. Nc3 Nf6 4. e5 Nfd7 5. f4 c5 6. Nf3 Nc6 7. Be3 cxd4 8.
Nxd4 Bc5 9. Qd2 a6 10. O-O-O Nxd4 11. Bxd4 Qc7 12. h4 b5 13. Bxc5 Nxc5 14.
a3 O-O 15. Rh3 Bd7 16. h5 Rfc8 17. h6 g6 18. Qf2 Kf8 19. f5 gxf5 20. Re3
Ne4 21. Rxe4 fxe4 22. Qf6 Qd8 23. Qg7+ Ke7 24. Qf6+ Ke8 25. Qh8+ Ke7 26.
Qf6+ Ke8 27. Qh8+ Ke7 28. Qf6+ 1/2-1/2

[Event "FIDE Grand Swiss 2019"]
[Site "Douglas"]
[Date "20.10.2019"]
[Round "10.20"]
[White "Chigaev, Maksim"]
[Black "Grandelius, Nils"]
[Result "0-1"]
[WhiteElo "2644"]
[BlackElo "2691"]

1. e4 e5 2. Nf3 Nc6 3. d4 exd4 4. Nxd4 Bc5 5. Nb3 Bb6 6. Qe2 Nge7 7. Nc3
O-O 8. Be3 f5 9. O-O-O fxe4 10. Nxe4 d5 11. Nc3 Kh8 12. Qd2 Bf5 13. a3 Bg6
14. Bxb6 axb6 15. f3 Na5 16. Nxa5 Rxa5 17. h4 h6 18. h5 Bf7 19. g4 Nc6 20.
Nb5 d4 21. c4 dxc3 22. Qxd8 cxb2+ 23. Kxb2 Nxd8 24. Nxc7 Rc5 25. Rd7 Nc6
26. Be2 Ne5 27. Re7 Rd8 28. Kb1 Rd2 29. Re1 Ba2+ 30. Ka1 Bg8 31. Re8 Rcc2
32. Bb5 Nxf3 0-1

[Event "FIDE Grand Swiss 2019"]
[Site "Douglas"]
[Date "20.10.2019"]
[Round "10.21"]
[White "Sargissian, Gabriel"]
[Black "Akopian, Vladimir"]
[Result "1/2-1/2"]
[WhiteElo "2690"]
[BlackElo "2638"]

1. d4 d5 2. c4 c6 3. Nf3 Nf6 4. Nc3 dxc4 5. a4 Bf5 6. e3 e6 7. Bxc4 Bb4 8.
O-O O-O 9. Qe2 Bg4 10. Rd1 Qa5 11. Na2 Be7 12. Bd2 Qh5 13. h3 Bxf3 14. Qxf3
Qxf3 15. gxf3 Nbd7 16. Nc1 e5 17. Nb3 exd4 18. Nxd4 a5 19. Nf5 Bb4 20. Bxb4
axb4 21. Nd6 Nc5 22. a5 g6 23. e4 Ne8 24. a6 Nxd6 25. Rxd6 Nxa6 26. Bxa6
Rxa6 27. Rxa6 bxa6 28. Rxc6 Rd8 29. Rxa6 Rd2 30. Rb6 Rxb2 1/2-1/2

[Event "FIDE Grand Swiss 2019"]
[Site "Douglas"]
[Date "20.10.2019"]
[Round "10.22"]
[White "Ragger, Markus"]
[Black "Zhang, Zhong"]
[Result "1/2-1/2"]
[WhiteElo "2684"]
[BlackElo "2636"]

1. d4 d5 2. c4 dxc4 3. e3 Nf6 4. Bxc4 e6 5. Nf3 c5 6. O-O Nc6 7. Nc3 a6 8.
d5 exd5 9. Nxd5 Be7 10. e4 b5 11. Nxf6+ Bxf6 12. Bd5 Bb7 13. Ng5 Bxg5 14.
Qh5 O-O 15. Bxg5 Qc7 16. Be3 c4 17. b3 Na5 18. Rac1 Bxd5 19. exd5 Rac8 20.
Bd2 Nb7 21. bxc4 bxc4 22. Bc3 f6 23. Rfe1 Nc5 24. Bb4 Nd3 25. Bxf8 Rxf8 26.
d6 Qxd6 27. Rcd1 Qd4 28. Qf5 g6 29. Re4 Qa7 30. Qd5+ Kg7 31. Qxc4 Qxf2+ 32.
Kh1 Ne5 33. Qxa6 Rf7 34. a4 Ra7 35. Qb5 Qc2 36. Qb1 Qc6 37. Qb4 Rb7 38. Qe1
Rb2 39. Re2 Rxe2 40. Qxe2 Qxa4 41. Rc1 Qd7 42. h3 h5 43. Rb1 Qd5 44. Rd1
Qb3 45. Rc1 Qb6 46. Qe4 Qd6 47. Rb1 Nf7 48. Qc4 Qd7 49. Qc5 h4 50. Rb8 Qd1+
51. Kh2 Qd6+ 52. Qxd6 Nxd6 53. Kg1 g5 54. Kf2 Nf5 55. Kf3 Kg6 56. Ra8 Ng3
57. Ra2 Kf5 58. Ke3 Nh5 59. Ra5+ Kg6 60. Ke4 Ng3+ 61. Kf3 Nh5 62. Ke4 Ng3+
1/2-1/2

[Event "FIDE Grand Swiss 2019"]
[Site "Douglas"]
[Date "20.10.2019"]
[Round "10.23"]
[White "Korobov, Anton"]
[Black "Moiseenko, Alexander"]
[Result "1/2-1/2"]
[WhiteElo "2679"]
[BlackElo "2635"]

1. d4 Nf6 2. c4 e6 3. Nf3 d5 4. Nc3 Bb4 5. Bg5 h6 6. Bxf6 Qxf6 7. Qa4+ Nc6
8. e3 O-O 9. Rd1 Rd8 10. Qb3 Qg6 11. h3 dxc4 12. Bxc4 Qxg2 13. Ke2 Qg6 14.
d5 exd5 15. Nxd5 Bf8 16. Rhg1 Qf5 17. Nh4 Qh5+ 18. Nf3 Qf5 19. Nh4 Qh5+ 20.
Nf3 Qf5 1/2-1/2

[Event "FIDE Grand Swiss 2019"]
[Site "Douglas"]
[Date "20.10.2019"]
[Round "10.24"]
[White "Mareco, Sandro"]
[Black "Sasikiran, Krishnan"]
[Result "1/2-1/2"]
[WhiteElo "2634"]
[BlackElo "2675"]

1. d4 d5 2. c4 c6 3. Nf3 Nf6 4. Nc3 e6 5. Bg5 h6 6. Bxf6 Qxf6 7. Qb3 dxc4
8. Qxc4 Nd7 9. e3 g6 10. Be2 Bg7 11. O-O O-O 12. Rfd1 Qe7 13. Ne4 Rd8 14.
Qc2 Nf6 15. Ned2 Nd5 16. Rac1 Bd7 17. Ne5 Be8 18. a3 Rac8 19. Nd3 b6 20. b4
a5 21. Rb1 axb4 22. axb4 Ra8 23. Rdc1 e5 24. dxe5 Bxe5 25. Nxe5 Qxe5 26.
Nf3 Qf6 27. Bc4 Ra3 28. Rd1 Rda8 29. Bxd5 cxd5 30. b5 Ra2 31. Qd3 Bd7 32.
Qxd5 Bg4 33. h3 Bxf3 34. Qxf3 Qxf3 35. gxf3 Rc2 36. Rd6 Raa2 37. Rf1 Rab2
38. Rxb6 Rc5 39. Rb8+ Kg7 40. b6 Rg5+ 41. Kh2 Rgb5 42. f4 Rxb6 43. Rxb6
Rxb6 44. Rc1 Rb2 45. Kg3 Rb5 46. e4 Ra5 47. f3 Rb5 48. Rc7 Ra5 49. Kg4 Rb5
50. Rd7 Rb1 51. Kg3 Rg1+ 52. Kf2 Rh1 53. Kg2 Ra1 54. Rd5 Kf6 55. h4 h5 56.
Rb5 Rc1 57. f5 gxf5 58. Rxf5+ Kg6 59. Rg5+ Kh6 60. Rd5 Ra1 61. Kg3 Rh1 62.
Rd6+ Kg7 63. e5 Kh7 64. Rf6 Kg7 65. Rf5 Kg6 66. Rg5+ Kh6 67. f4 Ra1 68. Kf3
Ra4 69. Rg8 Kh7 70. Rg1 Kh6 71. Ke3 Rb4 72. f5 Rxh4 73. f6 Rg4 74. Rxg4
hxg4 75. Kf4 g3 76. Kxg3 Kg5 77. e6 Kxf6 78. exf7 Kxf7 1/2-1/2

[Event "FIDE Grand Swiss 2019"]
[Site "Douglas"]
[Date "20.10.2019"]
[Round "10.25"]
[White "Tari, Aryan"]
[Black "Cheparinov, Ivan"]
[Result "1/2-1/2"]
[WhiteElo "2630"]
[BlackElo "2670"]

1. e4 c5 2. Nf3 d6 3. d4 cxd4 4. Nxd4 Nf6 5. Nc3 Nc6 6. g3 Bd7 7. Bg2 g6 8.
Nde2 Bg7 9. O-O h5 10. h4 Ne5 11. b3 b5 12. Nd4 b4 13. Nd5 Nxd5 14. exd5
Qb6 15. Bb2 O-O 16. Qd2 Rac8 17. Kh1 Rc5 18. a3 a5 19. axb4 axb4 20. Ra2
Rfc8 21. Rfa1 Ng4 22. Ra6 Rxc2 23. Nxc2 Qxf2 24. Qxf2 Nxf2+ 25. Kg1 Bxb2
26. Nxb4 Bd4 27. Nc6 Bxc6 28. Rxc6 Rb8 29. Rb1 Ne4+ 30. Kh2 Nd2 31. Rd1
Nxb3 32. Rc4 Bf6 33. Rb1 Rb7 34. Be4 Kg7 35. Bc2 Nd2 36. Rxb7 Nxc4 37. Kh3
Ne3 38. Be4 Ng4 39. Kg2 Nh6 40. Kf3 Ng8 41. Rb8 Be5 42. Re8 Bf6 43. Rb8 Nh6
44. Rb7 g5 45. hxg5 Bxg5 46. Rb1 Ng4 47. Ke2 Nf6 48. Bf3 Kg6 49. Rb8 Kg7
50. Rb4 Kg6 51. Rb8 h4 52. gxh4 Bxh4 53. Rb7 e6 54. dxe6 fxe6 55. Rb6 Bg3
56. Bb7 1/2-1/2

[Event "FIDE Grand Swiss 2019"]
[Site "Douglas"]
[Date "20.10.2019"]
[Round "10.26"]
[White "Leko, Peter"]
[Black "Jumabayev, Rinat"]
[Result "1-0"]
[WhiteElo "2670"]
[BlackElo "2630"]

1. e4 c5 2. Nf3 Nc6 3. d4 cxd4 4. Nxd4 e5 5. Nb5 d6 6. N1c3 a6 7. Na3 Be6
8. Nc4 Rb8 9. g3 Nf6 10. Ne3 h5 11. Bg2 h4 12. O-O Nd4 13. Ncd5 Nxd5 14.
exd5 Bd7 15. g4 h3 16. Bh1 g6 17. c3 Nf5 18. gxf5 gxf5 19. Bf3 Qh4 20. Kh1
Bh6 21. b3 Bf4 22. Nc4 Ke7 23. Ba3 e4 24. Qd4 Qf6 25. Qxf6+ Kxf6 26. Be2 b5
27. Ne3 Rhg8 28. Rg1 Be5 29. Rxg8 Rxg8 30. Rg1 Rb8 31. c4 b4 32. Bc1 Bd4
33. Rd1 Bc3 34. f4 exf3 35. Bxf3 Re8 36. Nf1 Be5 37. Ng3 1-0

[Event "FIDE Grand Swiss 2019"]
[Site "Douglas"]
[Date "20.10.2019"]
[Round "10.27"]
[White "Saric, Ivan"]
[Black "Najer, Evgeniy"]
[Result "1/2-1/2"]
[WhiteElo "2667"]
[BlackElo "2635"]

1. c4 e5 2. g3 d6 3. Nc3 f5 4. Bg2 Nf6 5. d3 g6 6. e4 fxe4 7. dxe4 Bg7 8.
Nge2 O-O 9. O-O Be6 10. Nd5 c6 11. Ne3 Na6 12. Nc3 Kh8 13. Qe2 Qe7 14. Rb1
Bg8 15. b4 Nc7 16. Rd1 Ne6 17. Qd3 Nd4 18. Ne2 a5 19. Nxd4 exd4 20. Qxd4
Nd5 21. exd5 Bxd4 22. Rxd4 h5 23. dxc6 axb4 24. cxb7 Rxa2 25. Rxb4 Rfxf2
26. b8=Q Rxg2+ 27. Nxg2 Rxg2+ 28. Kxg2 Qe2+ 29. Kg1 Qe1+ 30. Kg2 Qe2+ 31.
Kh3 Qf1+ 32. Kh4 Qf6+ 33. Kh3 1/2-1/2

[Event "FIDE Grand Swiss 2019"]
[Site "Douglas"]
[Date "20.10.2019"]
[Round "10.28"]
[White "Kuzubov, Yuriy"]
[Black "Fedoseev, Vladimir"]
[Result "1/2-1/2"]
[WhiteElo "2636"]
[BlackElo "2664"]

1. d4 Nf6 2. Nf3 d5 3. c4 e6 4. Nc3 Be7 5. Bf4 O-O 6. e3 b6 7. cxd5 Nxd5 8.
Bg3 c5 9. Bc4 Nxc3 10. bxc3 Bb7 11. O-O Nd7 12. a4 Nf6 13. Qb3 Bd6 14. Bh4
Rc8 15. Rac1 Qc7 16. Bxf6 gxf6 17. Rfd1 cxd4 18. cxd4 f5 19. Qb2 Qd7 20.
Bb5 Qe7 21. Qe2 Rxc1 22. Rxc1 Rc8 23. Rxc8+ Bxc8 24. Ba6 Bd7 25. Bb5 Bc8
26. Ba6 Bd7 27. Bb5 Bc8 1/2-1/2